Culture Générale - Série 2106 - Statistiques

Statistiques générales
  • Ce quiz a été pris 109 fois
  • Le résultat moyen est 5 sur 10
Statistiques - réponses
Question Réponse % Correct
Quelle est la langue officielle de l'Autriche ? allemand
97%
On disait de l'URSS, qu'elle était "un colosse aux pieds d'.... argile
93%
Dans quel pays se trouve le désert d'Atacama ? Chili
64%
Quelle est la ville la plus visitée au monde ? Londres
64%
Quelle ville de Croatie s'appelait jusqu'en 1918 Raguse ? Dubrovnik
59%
Dans quel genre littéraire parle-t-on de "stance" ? poésie
52%
Quel norvégien menait l'expédition qui a atteint pour la première le pôle sud le 14 décembre 1911 ? voir photo Roald Amundsen
31%
Dans Game of thrones (le trône de fer), la série se déroule sur deux continents : Essos et .... Westeros
30%
Dans quelle ville et lieu est enterré Victor Hugo ? Paris au Panthéon
21%
Quel désert est surnommé "Le désert des déserts" ? Ténéré
11%
Aucun quiz correspondant
Distribution des résultats
% des personnes avec chaque résultat
Percentile par nombre de réponses
Votre historique - résultats
Vous n’avez pas pris ce quiz